Paesi Musulmani - Morte Improvvisa - Statistics

Statistiche generali
  • Questo quiz è stato fatto 18.919 volte
  • Il punteggio medio è 10 su 21
Answers on the Grid
Answers color-coded by a green-red scale on the quiz's grid according to % correct below.
Afghanistan
Armenia
Azerbaigian
Bangladesh
Brunei
Croazia
Cuba
Repubblica Democratica
del Congo
Egitto
Etiopia
Francia
Georgia
Iran
Iraq
Israele
Kazakistan
Kosovo
Kuwait
Libano
Mali
Marocco
Nepal
Pakistan
Qatar
Senegal
Somalia
Sud Sudan
Sudan
Siria
Tanzania
Tunisia
Turchia
 
Statistiche sulle risposte
Risposta % Corretto
Afghanistan
89%
Egitto
67%
Iran
64%
Iraq
60%
Marocco
60%
Siria
52%
Bangladesh
50%
Qatar
50%
Tunisia
50%
Pakistan
49%
Turchia
48%
Kuwait
43%
Libano
43%
Azerbaigian
42%
Brunei
32%
Sudan
32%
Senegal
29%
Somalia
29%
Kazakistan
27%
Kosovo
27%
Mali
24%
Nessun quiz corrispondente trovato
Distribuzione punteggi
Percentuale di utenti per punteggio
Percentile per numero di risposta
I tuoi punteggi nel tempo
Non hai fatto questo quiz